Rosas de Itália (Record no. 45724)

MARC details
000 -Etiqueta do registo
Valores 00413cam a2200169 04500
100 ## - Dados gerais de processamento
Dados gerais 19950802d19 m y0pory5003 ba
101 0# - Língua de publicação
Língua por
102 ## - País de publicação
País PT
200 1# - Titulo e menção de responsabilidade
Título próprio Rosas de Itália
Primeira menção de responsabilidade Artur Portela
210 #9 - Publicação
Local de publicação Lisboa
Nome do editor Livraria Bertrand,
Data de publicação [19--]
215 ## - Descrição física 
Paginação / Volumes 328 p.
Dimensões 19 cm
675 ## - CDU
Notação 821.134.3-992
700 #1 - Autor principal
Apelido Portela,
Nome Artur,
Datas 1901-1959
801 #0 - Fonte de origem
País PT
Agência BN
Regras de catalogação RPC
990 ## - Elementos KOHA
Tipo de documento Livro
Holdings
Aquisição Empréstimo Código de barras Cota Permissão de empréstimo Tipo de documento
Biblioteca Municipal de Redondo Biblioteca Municipal de Redondo 056449 821.134.3-992 POR   Livro

Powered by Koha